000 00283nam a22001217a 4500
008 170703b xxu||||| |||| 00| 0 eng d
041 _aeng
080 _a82
100 _a82
101 _aGJL
245 _aTHE NORTON ATHNOLOGY AMERICAN LITERATURE
_cGUN.P.F
942 _2udc
_cBK
999 _c19848
_d19848